| 000 | 00519nmm a2200157Ia 4500 | ||
|---|---|---|---|
| 008 | 251105s9999||||xx |||||||||||||||||und|| | ||
| 020 | _a9789972428999 | ||
| 041 | _aspa | ||
| 100 | _aRosas Lauro, Claudia (ed.) | ||
| 245 | 0 |
_aEl odio y el perdón en el Perú : _b Siglos XVI al XXI |
|
| 264 |
_a[Lima, Peru] : _bPontificia Universidad Católica de Perú, _c2009 |
||
| 300 | _a360 páginas | ||
| 650 | _aHistory of the Americas: Latin America | ||
| 856 | _uhttps://public.digitaliapublishing.com/a/9799 | ||
| 942 | _cCF | ||
| 999 |
_c97903 _d97903 |
||